Т. 18 (дополнительный) : Рисунки; Полное собрание сочинений

Détails bibliographiques
Parent link:Полное собрание сочинений: [В 17 т.]/ А. С. Пушкин; Академия Наук СССР. Т. 18 (дополнительный) : Рисунки.— [Переизд.].— , 1994-1999.— 5-88528-052-5
Langue:russe
Publié: 1996
Sujets:
Format: Livre
KOHA link:https://koha.lib.tpu.ru/cgi-bin/koha/opac-detail.pl?biblionumber=10269

MARC

LEADER 00000nam2a2200000 4500
001 10269
005 20231030182843.0
010 |a 5885281173 
035 |a (RuTPU)RU\TPU\book\10329 
035 |a BOOK00010393 
090 |a 10269 
100 |a 20011209d1996 m y0rusy50 ca 
101 0 |a rus 
102 |a RU 
105 |a a z 010ay 
200 0 |a Т. 18 (дополнительный) : Рисунки 
210 |d 1996 
215 |a 640 с.  |c ил. 
461 1 |0 (RuTPU)RU\TPU\book\90105  |y 5-88528-052-5  |t Полное собрание сочинений  |o [В 17 т.]  |f А. С. Пушкин  |g Академия Наук СССР  |v Т. 18 (дополнительный) : Рисунки  |e [Переизд.]  |d 1994-1999 
610 1 |a рисунки 
675 |a Р1  |v 3 
801 0 |a RU  |b 63413507  |c 20011209  |g PSBO 
801 2 |a RU  |b 63413507  |c 20180907  |g PSBO 
942 |c BK